| 000 | 01012nam0a2200325 4500 | ||
|---|---|---|---|
| 001 | RU\NLR\bibl\537456 | ||
| 005 | 20260406124746.0 | ||
| 010 |
_a5-699-05034-5 _96000 |
||
| 021 |
_aRU _b2004-7940 _9403 |
||
| 035 | _aRSL-KNO-002408974 | ||
| 035 | _a(NLR Aleph) 000529723 | ||
| 090 |
_a1345313 _c1345313 |
||
| 100 | _a20040316d2004 |||y0rusy50 ca | ||
| 101 | 1 |
_arus _ceng |
|
| 102 | _aRU | ||
| 105 | _ay ||||||||| | ||
| 106 | _ar | ||
| 200 | 1 |
_aГород порока _eРоман _fДжеки Коллинз _g[Пер. с англ. А. Новикова] |
|
| 210 |
_aМ. _cЭксмо _d2004 _eТул. тип. |
||
| 215 |
_a284 с. _d17 |
||
| 686 |
_aШ5(7США)62-644 _2rubbk |
||
| 686 | _aШ6(7США)67-440.4{Лх1979-50} | ||
| 700 | 1 |
_4070 _7ca _8rus _aКоллинз _bД. _gДжекки _9111259 _3RU\NLR\AUTH\771230 |
|
| 801 | 0 |
_aRU _bRuMoRKP _c20040316 _gPSBO |
|
| 801 | 1 |
_aRU _bRuMoRKP _c20040316 |
|
| 801 | 2 |
_aRU _bNLR _c20040707 _gPSBO |
|
| 942 | _cBOOK | ||
| 980 | _aNB | ||